003260000a2200085000450024501170000004100140011770000190013110000280015077300620017810aRanas Centrolenidae de Colombia IV., nuevas especies de Cochranella del grupo ocellata de la cordillera oriental0 aEspañol1 aLynch, John D.1 aRuiz Carranza, Pedro M.1 tLozania: Acta Zoológica Colombiana3375h60q1-13d1991